[Event "Berlin Werner Ott op"]
[Site "Berlin"]
[Date "2013.07.12"]
[Round "7"]
[White "Shapiro, Yosip"]
[Black "Slepuschkin, Shenja"]
[Result "0-1"]
[WhiteElo "2116"]
[BlackElo "2145"]
[PlyCount "94"]
[EventDate "2013.07.06"]
[EventType "swiss"]
[EventRounds "9"]
[EventCountry "GER"]
[SourceTitle "CBM 155 Extra"]
[Source "ChessBase"]
[SourceDate "2013.08.26"]
[SourceVersion "1"]
[SourceVersionDate "2013.08.26"]
[SourceQuality "1"]

1. Nf3 f5 2. g3 Nf6 3. Bg2 d6 4. d3 g6 5. Nc3 Bg7 6. 0-0 0-0 7. e4 e5 8. Bg5 h6 9. Bxf6 Qxf6 10. Nd5 Qf7 11. Nh4 c6 12. Nc3 f4 13. f3 g5 14. Nf5 Bxf5 15. exf5 Qxf5 16. Ne4 Qd7 17. c3 Na6 18. b4 Nc7 19. Rb1 Nd5 20. Qb3 Kh8 21. g4 Ne3 22. Rf2 b6 23. h3 Rfe8 24. Re2 Kh7 25. Bh1 d5 26. Ng3 Nxg4 27. hxg4 fxg3 28. Qc2 Qd6 29. Rbe1 Qf6 30. d4+ Qg6 31. Qxg6+ Kxg6 32. Kg2 Re6 33. Kxg3 Rae8 34. Bg2 Kf7 35. Bf1 exd4 36. Rxe6 Rxe6 37. Rxe6 Kxe6 38. cxd4 Bxd4 39. f4 gxf4+ 40. Kxf4 Bc3 41. b5 c5 42. Ke3 Kd6 43. Kd3 Bf6 44. Kc2 c4 45. Bg2 Kc5 46. Bf3 d4 47. Bc6 d3+ 0-1

[Event "BL2-Nord 1213"]
[Site "Germany"]
[Date "2013.03.17"]
[Round "8.7"]
[White "Slepuschkin, Shenja"]
[Black "Van Riesen, Klaus"]
[Result "1/2-1/2"]
[WhiteElo "2101"]
[BlackElo "2070"]
[PlyCount "81"]
[EventDate "2012.10.14"]
[EventType "team-tourn"]
[EventRounds "9"]
[EventCountry "GER"]
[SourceTitle "CBM 154 Extra"]
[Source "ChessBase"]
[SourceDate "2013.06.25"]
[SourceVersion "2"]
[SourceVersionDate "2013.06.25"]
[SourceQuality "1"]
[WhiteTeam "Berlin Zehlendorf"]
[BlackTeam "Pinneberg"]
[WhiteTeamCountry "GER"]
[BlackTeamCountry "GER"]

1. b3 Nf6 2. Bb2 g6 3. f4 Bg7 4. Nf3 0-0 5. e3 c5 6. Be2 Nc6 7. 0-0 d6 8. Bb5 Bd7 9. d3 Qb6 10. Bxc6 Bxc6 11. Qe2 Qa6 12. Nbd2 b5 13. e4 Qb7 14. Rab1 Rac8 15. c4 b4 16. Nh4 a5 17. Ndf3 a4 18. f5 axb3 19. axb3 Ra8 20. fxg6 fxg6 21. Ng5 e5 22. Ne6 Rf7 23. Nxg7 Kxg7 24. Bc1 Raf8 25. h3 Bd7 26. Bg5 Bc8 27. Kh2 Ng8 28. Rxf7+ Qxf7 29. Nf3 Be6 30. Rf1 Qa7 31. Qb2 Qc7 32. Qa2 h6 33. Be3 Qd7 34. Qa6 Ne7 35. Nxe5 dxe5 36. Bxh6+ Kxh6 37. Rxf8 Nc6 38. Qb6 Qe7 39. Rh8+ Kg7 40. Ra8 Qf6 41. Qxc6 1/2-1/2

[Event "BL2-Nord 1213"]
[Site "Germany"]
[Date "2013.02.24"]
[Round "7.7"]
[White "Doberitz, Paul"]
[Black "Slepuschkin, Shenja"]
[Result "1-0"]
[WhiteElo "2237"]
[BlackElo "2101"]
[PlyCount "101"]
[EventDate "2012.10.14"]
[EventType "team-tourn"]
[EventRounds "9"]
[EventCountry "GER"]
[SourceTitle "CBM 154 Extra"]
[Source "ChessBase"]
[SourceDate "2013.06.25"]
[SourceVersion "2"]
[SourceVersionDate "2013.06.25"]
[SourceQuality "1"]
[WhiteTeam "Hamburger SK II"]
[BlackTeam "Berlin Zehlendorf"]
[WhiteTeamCountry "GER"]
[BlackTeamCountry "GER"]

1. e4 e6 2. d4 d5 3. Nc3 Nf6 4. Bg5 Be7 5. e5 Nfd7 6. Bxe7 Qxe7 7. Qg4 0-0 8. Nf3 f5 9. exf6 Qxf6 10. 0-0-0 Qf4+ 11. Qxf4 Rxf4 12. Bd3 a6 13. Rhe1 Nf8 14. Re3 Nc6 15. g3 Rf6 16. Ne2 Bd7 17. Nf4 Be8 18. c3 Bf7 19. Rde1 Rb8 20. Bf1 Re8 21. Bh3 h6 22. Ne5 h5 23. Ned3 Bg6 24. Nc5 Bf5 25. Bxf5 Rxf5 26. Ncxe6 g5 27. Nd3 Nxe6 28. Rxe6 Rxe6 29. Rxe6 h4 30. Kd2 hxg3 31. hxg3 Kf7 32. Re3 a5 33. Ke2 b5 34. Ne5+ Nxe5 35. Rxe5 Rxe5+ 36. dxe5 g4 37. Ke3 Ke6 38. Kf4 c5 39. Kxg4 Kxe5 40. Kf3 d4 41. cxd4+ Kxd4 42. Ke2 c4 43. g4 b4 44. g5 c3 45. bxc3+ Kxc3 46. g6 Kb2 47. g7 Kxa2 48. g8Q+ Ka3 49. Kd2 b3 50. Kc3 a4 51. Qc4 1-0

[Event "Berlin Eckbauer op 15th"]
[Site "Berlin"]
[Date "2012.11.26"]
[Round "7.7"]
[White "Kievelitz, Bernd"]
[Black "Slepuschkin, Shenja"]
[Result "0-1"]
[WhiteElo "2029"]
[BlackElo "2101"]
[PlyCount "104"]
[EventDate "2012.10.15"]
[EventType "swiss"]
[EventRounds "7"]
[EventCountry "GER"]
[SourceTitle "EXT 2022"]
[Source "ChessBase"]
[SourceDate "2021.10.06"]
[SourceVersion "1"]
[SourceVersionDate "2021.10.06"]
[SourceQuality "1"]

1. Nf3 c5 2. c4 Nf6 3. d4 cxd4 4. Nxd4 d6 5. Nc3 a6 6. b3 e6 7. Bb2 Be7 8. g3 0-0 9. Bg2 Qc7 10. Rc1 Bd7 11. 0-0 Nc6 12. e4 Nxd4 13. Qxd4 Rfd8 14. Rfe1 Rac8 15. h3 Bf8 16. Kh2 Qa5 17. e5 dxe5 18. Qxe5 Qxe5 19. Rxe5 Bc6 20. Re2 h5 21. Bxc6 Rxc6 22. Rce1 h4 23. g4 Bb4 24. Rd1 Rcd6 25. Rxd6 Rxd6 26. a3 Bxc3 27. Bxc3 Rd3 28. Bxf6 gxf6 29. Re3 Rd2 30. Kg2 Rb2 31. b4 Rc2 32. c5 a5 33. Rb3 Kg7 34. bxa5 Rxc5 35. Rxb7 Rxa5 36. Rb3 Kg6 37. f4 f5 38. Kf3 f6 39. Re3 e5 40. gxf5+ Kxf5 41. fxe5 fxe5 42. Rb3 Ra8 43. Kf2 Kf4 44. Rf3+ Ke4 45. Rb3 Kd4 46. Ke2 e4 47. Rb4+ Ke5 48. a4 Kf4 49. Kf2 Rc8 50. Rb7 Rc2+ 51. Kg1 Ra2 52. Rb4 Kf3 0-1

[Event "Berlin Eckbauer op 15th"]
[Site "Berlin"]
[Date "2012.10.29"]
[Round "3.14"]
[White "Focke, Wolfgang"]
[Black "Slepuschkin, Shenja"]
[Result "0-1"]
[WhiteElo "1759"]
[BlackElo "2101"]
[PlyCount "92"]
[EventDate "2012.10.15"]
[EventType "swiss"]
[EventRounds "7"]
[EventCountry "GER"]
[SourceTitle "EXT 2022"]
[Source "ChessBase"]
[SourceDate "2021.10.06"]
[SourceVersion "1"]
[SourceVersionDate "2021.10.06"]
[SourceQuality "1"]

1. e4 d5 2. exd5 Nf6 3. d4 Nxd5 4. Nf3 g6 5. Be2 Bg7 6. 0-0 0-0 7. c4 Nb6 8. Nc3 Nc6 9. d5 Ne5 10. Nxe5 Bxe5 11. Be3 e6 12. Bd4 Bxd4 13. Qxd4 exd5 14. cxd5 Bf5 15. Rad1 Nc8 16. Bf3 Nd6 17. Rfe1 a6 18. g4 Bd7 19. h3 f5 20. Bg2 fxg4 21. hxg4 Qh4 22. f3 Rae8 23. Rxe8 Rxe8 24. Rf1 Qg5 25. Qf2 Qe3 26. Qxe3 Rxe3 27. Rd1 Re7 28. Kf2 Rf7 29. Kg3 Re7 30. Kf2 g5 31. Bf1 Kg7 32. Bd3 c5 33. Re1 Rxe1 34. Kxe1 h6 35. Kf2 Kf6 36. Ke3 Ke5 37. b3 b5 38. Be4 b4 39. Ne2 Nxe4 40. fxe4 Bxg4 41. Nc1 h5 42. Nd3+ Kd6 43. Nf2 Bd7 44. Nh1 h4 45. Nf2 g4 46. Kf4 g3 0-1

[Event "BL2-Nord 1112"]
[Site "Germany"]
[Date "2012.04.15"]
[Round "9.8"]
[White "Slepuschkin, Shenja"]
[Black "Doberitz, Paul"]
[Result "1/2-1/2"]
[WhiteElo "2095"]
[BlackElo "2210"]
[PlyCount "20"]
[EventDate "2011.10.02"]
[EventType "team-tourn"]
[EventRounds "9"]
[EventCountry "GER"]
[SourceTitle "EXT 2015"]
[Source "ChessBase"]
[SourceDate "2014.11.20"]
[SourceVersion "1"]
[SourceVersionDate "2014.11.20"]
[SourceQuality "1"]
[WhiteTeam "Zehlendorf"]
[BlackTeam "Hamburger SK II"]
[WhiteTeamCountry "GER"]
[BlackTeamCountry "GER"]

1. e4 c5 2. c3 d5 3. exd5 Qxd5 4. d4 g6 5. Nf3 Bg7 6. Be3 cxd4 7. cxd4 a6 8. Nc3 Qd6 9. a4 Nf6 10. Be2 0-0 1/2-1/2

[Event "Berlin-ch class M"]
[Site "Berlin"]
[Date "2012.04.12"]
[Round "6.5"]
[White "Jahnz, Fabian"]
[Black "Slepuschkin, Shenja"]
[Result "1/2-1/2"]
[WhiteElo "2245"]
[BlackElo "2095"]
[PlyCount "123"]
[EventDate "2012.04.08"]
[EventType "swiss"]
[EventRounds "7"]
[EventCountry "GER"]
[SourceTitle "EXT 2022"]
[Source "ChessBase"]
[SourceDate "2021.10.06"]
[SourceVersion "1"]
[SourceVersionDate "2021.10.06"]
[SourceQuality "1"]

1. e4 c5 2. Nf3 Nc6 3. d4 cxd4 4. Nxd4 Nf6 5. Nc3 d6 6. Bg5 Qb6 7. Bxf6 gxf6 8. Nb3 Be6 9. Qd2 h5 10. Bd3 a6 11. f4 Bh6 12. Rf1 Ne5 13. Qe2 Nxd3+ 14. Qxd3 Bxb3 15. axb3 e6 16. 0-0-0 0-0-0 17. Kb1 Kb8 18. Qh3 Qc5 19. Rd3 Ka7 20. f5 Qe5 21. Qxh5 Bd2 22. Qxf7 Bxc3 23. Rxc3 exf5 24. exf5 Rxh2 25. g3 Rdh8 26. Rc7 Qb5 27. Qc4 Qxc4 28. bxc4 Rg2 29. Rf3 Kb6 30. Rf7 Rh1+ 31. Ka2 Rxc2 32. Rxf6 Kc5 33. Rf8 Rhh2 34. Rb3 Rhg2 35. f6 Rcf2 36. Rxb7 Rxg3 37. Rc8+ Kd4 38. f7 Rgf3 39. Rb6 Rxf7 40. Rxd6+ Ke5 41. Rxa6 Rb7 42. Ra5+ Kd6 43. Rd5+ Ke7 44. Rb5 Rxb5 45. cxb5 Rf5 46. b6 Rb5 47. Rc6 Kd7 48. Rg6 Kc8 49. Ka3 Kb7 50. b3 Ka6 51. Ka4 Rh5 52. Rf6 Rg5 53. Kb4 Rg4+ 54. Kc5 Rg5+ 55. Kc6 Rb5 56. Kc7 Rxb3 57. Rc6 Rb5 58. Rf6 Rb1 59. Rg6 Rb2 60. Rf6 Rb5 61. Rh6 Rb1 62. Rf6 1/2-1/2

[Event "Berlin-ch class M"]
[Site "Berlin"]
[Date "2012.04.10"]
[Round "4.7"]
[White "Slepuschkin, Shenja"]
[Black "Gebigke, Martin"]
[Result "1/2-1/2"]
[WhiteElo "2095"]
[BlackElo "2180"]
[PlyCount "98"]
[EventDate "2012.04.08"]
[EventType "swiss"]
[EventRounds "7"]
[EventCountry "GER"]
[SourceTitle "EXT 2022"]
[Source "ChessBase"]
[SourceDate "2021.10.06"]
[SourceVersion "1"]
[SourceVersionDate "2021.10.06"]
[SourceQuality "1"]

1. e4 c6 2. c4 d5 3. exd5 cxd5 4. cxd5 Qxd5 5. Nc3 Qd6 6. d4 Nf6 7. Nf3 e6 8. Bd3 Be7 9. 0-0 0-0 10. Nb5 Qd8 11. Bf4 Nc6 12. Bg3 a6 13. Nc3 Nb4 14. Be2 Bd7 15. Ne5 Be8 16. Bf3 Nbd5 17. Qb3 b5 18. Rac1 Qb6 19. Nxd5 Nxd5 20. Bxd5 exd5 21. Nf3 f6 22. Rc7 Ra7 23. Qxd5+ Bf7 24. Qd7 Rxc7 25. Bxc7 Qe6 26. Qxe6 Bxe6 27. a3 Rc8 28. Ba5 Bd5 29. Bc3 Bxa3 30. Ra1 Bf8 31. Rxa6 b4 32. Bd2 Rc2 33. Bf4 g5 34. Be3 Rxb2 35. h4 g4 36. Nd2 Kf7 37. h5 Ra2 38. Rb6 Be7 39. Kh2 Ra4 40. Kg3 f5 41. Kf4 Ra5 42. Kxf5 Bd8 43. Rxb4 Be6+ 44. Ke4 Bf5+ 45. Kf4 Bc7+ 46. Kg5 Bd8+ 47. Kf4 Bc7+ 48. Kg5 Bd8+ 49. Kf4 Bc7+ 1/2-1/2

[Event "BL2-Nord 1112"]
[Site "Germany"]
[Date "2011.10.23"]
[Round "2.7"]
[White "Slepuschkin, Shenja"]
[Black "Steffens, Olaf"]
[Result "1-0"]
[WhiteElo "2095"]
[BlackElo "2235"]
[PlyCount "93"]
[EventDate "2011.10.02"]
[EventType "team-tourn"]
[EventRounds "9"]
[EventCountry "GER"]
[SourceTitle "EXT 2015"]
[Source "ChessBase"]
[SourceDate "2014.11.20"]
[SourceVersion "1"]
[SourceVersionDate "2014.11.20"]
[SourceQuality "1"]
[WhiteTeam "Zehlendorf"]
[BlackTeam "Werder Bremen II"]
[WhiteTeamCountry "GER"]
[BlackTeamCountry "GER"]

1. e4 b6 2. d4 Ba6 3. Bxa6 Nxa6 4. Ne2 g6 5. Be3 Nh6 6. f3 f6 7. h4 e6 8. Nbc3 Qc8 9. Qd2 Nf7 10. h5 g5 11. a3 Qb7 12. 0-0-0 b5 13. e5 f5 14. d5 c6 15. dxe6 dxe6 16. Bxg5 b4 17. axb4 Nxb4 18. Nd4 Rb8 19. Na4 Na2+ 20. Kb1 Bb4 21. Qe3 Nc3+ 22. Nxc3 Be7 23. Ncb5 Nxg5 24. Qxg5 Qxb5 25. Nxb5 Bxg5 26. Nd4 Kf7 27. Nxc6 Rb7 28. f4 Bxf4 29. Rd8 Rg8 30. Rhd1 Rxg2 31. R1d7+ Rxd7 32. Rxd7+ Kf8 33. Re7 Bg5 34. Rxe6 f4 35. Nd4 Kf7 36. Ra6 Rd2 37. Rxa7+ Ke8 38. Nf3 Rd1+ 39. Ka2 h6 40. Rg7 Rf1 41. Nxg5 hxg5 42. Rxg5 Ke7 43. Rg6 Rh1 44. Rf6 Rh2 45. c3 Rxh5 46. Rxf4 Rxe5 47. Rd4 1-0

[Event "Berlin-ch"]
[Site "Berlin"]
[Date "2011.04.28"]
[Round "6"]
[White "Stark, Ingo"]
[Black "Slepuschkin, Shenja"]
[Result "1-0"]
[WhiteElo "2179"]
[BlackElo "2058"]
[PlyCount "119"]
[EventDate "2011.04.23"]
[EventType "swiss"]
[EventRounds "9"]
[EventCountry "GER"]
[SourceTitle "CBM 142 Extra"]
[Source "ChessBase"]
[SourceDate "2011.06.27"]
[SourceVersion "1"]
[SourceVersionDate "2011.06.27"]
[SourceQuality "1"]

1. e4 e6 2. d4 d5 3. Nc3 Nf6 4. Bg5 Be7 5. e5 Nfd7 6. Bxe7 Qxe7 7. f4 a6 8. Nf3 c5 9. dxc5 Nc6 10. Bd3 Nxc5 11. Qd2 b5 12. 0-0 b4 13. Ne2 Nxd3 14. cxd3 0-0 15. Rac1 Bb7 16. d4 Rac8 17. Rc2 f6 18. Rfc1 Qf7 19. Rc5 Qg6 20. Qc2 Qf7 21. Qd3 Qe7 22. Qe3 Rc7 23. R1c2 Rfc8 24. Kf2 fxe5 25. fxe5 h6 26. Nf4 Qf7 27. h4 Rf8 28. g3 Rfc8 29. Qd3 Nd8 30. Rxc7 Rxc7 31. Rxc7 Qxc7 32. Qg6 Qf7 33. Qc2 Bc6 34. h5 Be8 35. Nh4 Nc6 36. Ke3 Qe7 37. Nhg6 Qg5 38. Kf2 Qf5 39. Qc5 Kh7 40. Qf8 Qc2+ 41. Kg1 Qd1+ 42. Kh2 Qc2+ 43. Kh3 Qf5+ 44. g4 Qxf8 45. Nxf8+ Kg8 46. N8xe6 Bf7 47. Nc7 Nxd4 48. e6 Nxe6 49. Nfxe6 Bxe6 50. Nxe6 Kf7 51. Nc7 d4 52. Kg3 d3 53. Kf3 Kf6 54. Ne8+ Kg5 55. Nxg7 d2 56. Ke2 Kxg4 57. Kxd2 Kg5 58. Kd3 Kf6 59. Ne8+ Kg5 60. Nd6 1-0

[Event "Berlin-ch"]
[Site "Berlin"]
[Date "2011.04.24"]
[Round "2"]
[White "Escher, Clemens"]
[Black "Slepuschkin, Shenja"]
[Result "1-0"]
[WhiteElo "2194"]
[BlackElo "2058"]
[PlyCount "55"]
[EventDate "2011.04.23"]
[EventType "swiss"]
[EventRounds "9"]
[EventCountry "GER"]
[SourceTitle "CBM 142 Extra"]
[Source "ChessBase"]
[SourceDate "2011.06.27"]
[SourceVersion "1"]
[SourceVersionDate "2011.06.27"]
[SourceQuality "1"]

1. d4 e6 2. c4 b6 3. e4 Bb7 4. Bd3 f5 5. exf5 Bxg2 6. Qh5+ g6 7. fxg6 Bg7 8. gxh7+ Kf8 9. Bg5 Nf6 10. Qh4 Bxh1 11. Ne2 Nc6 12. Nd2 e5 13. 0-0-0 Nxd4 14. Nxd4 exd4 15. Rxh1 d5 16. cxd5 Qxd5 17. Rg1 Re8 18. Bh6 Qc6+ 19. Kb1 Re7 20. Bxg7+ Rxg7 21. Qh6 Ne8 22. Qxc6 Rxg1+ 23. Kc2 Rg5 24. Qh6+ Rg7 25. Nf3 Ke7 26. Nxd4 Rf7 27. Nc6+ Kd7 28. Ne5+ 1-0

[Event "Berlin Lichtenberger op 9th"]
[Site "Berlin"]
[Date "2010.08.11"]
[Round "6"]
[White "Hantusch, Ralf"]
[Black "Slepuschkin, Shenja"]
[Result "1-0"]
[WhiteElo "1867"]
[BlackElo "2099"]
[PlyCount "101"]
[EventDate "2010.08.07"]
[EventType "swiss"]
[EventRounds "9"]
[EventCountry "GER"]
[SourceTitle "CBM 137 Extra"]
[Source "ChessBase"]
[SourceDate "2010.09.01"]
[SourceVersion "1"]
[SourceVersionDate "2010.09.01"]
[SourceQuality "1"]

1. c4 f5 2. Nc3 Nf6 3. g3 e6 4. Bg2 Bb4 5. e3 Bxc3 6. bxc3 Qe7 7. a4 0-0 8. c5 d5 9. cxd6 cxd6 10. Ne2 e5 11. 0-0 Nc6 12. a5 a6 13. Qa4 Bd7 14. Qa3 Be6 15. d3 g5 16. c4 Qd7 17. Bb2 Nh5 18. f4 gxf4 19. exf4 Nf6 20. Qc3 Rac8 21. Rae1 Qd8 22. Bxc6 Rxc6 23. fxe5 dxe5 24. Qxe5 Rd6 25. Ba3 Ne8 26. Bxd6 Qxd6 27. Qxd6 Nxd6 28. Nf4 Bd7 29. Re7 Bc6 30. Ne6 Rf6 31. Nd4 Ba4 32. Re6 Rg6 33. Rxg6+ hxg6 34. g4 Bd7 35. gxf5 Nxf5 36. Nxf5 Bxf5 37. d4 Bd3 38. Rc1 Kf7 39. Kf2 Ke7 40. Rc3 Bf5 41. Rb3 Bc8 42. Rb6 Kf7 43. Ke3 Kg7 44. Kf4 Kh6 45. d5 Kh5 46. c5 g5+ 47. Kg3 g4 48. d6 Kg5 49. c6 bxc6 50. Rxc6 Bf5 51. Rc5 1-0

[Event "Berlin Lichtenberger op 9th"]
[Site "Berlin"]
[Date "2010.08.07"]
[Round "1"]
[White "Slepuschkin, Shenja"]
[Black "Poeltelt, Helmut"]
[Result "0-1"]
[WhiteElo "2099"]
[BlackElo "1697"]
[PlyCount "72"]
[EventDate "2010.08.07"]
[EventType "swiss"]
[EventRounds "9"]
[EventCountry "GER"]
[SourceTitle "CBM 137 Extra"]
[Source "ChessBase"]
[SourceDate "2010.09.01"]
[SourceVersion "1"]
[SourceVersionDate "2010.09.01"]
[SourceQuality "1"]

1. e4 c5 2. c3 Nc6 3. d4 cxd4 4. cxd4 d5 5. exd5 Qxd5 6. Nf3 Bg4 7. Be2 Nf6 8. 0-0 e6 9. Nc3 Qd8 10. Be3 Be7 11. h3 Bh5 12. Qd2 0-0 13. Rfd1 Nd5 14. Rac1 Nxe3 15. fxe3 a6 16. Ne5 Nxe5 17. Bxh5 Nc4 18. Qe2 b5 19. b3 Nxe3 20. Qxe3 Bg5 21. Qd3 Bxc1 22. Rxc1 Qg5 23. Qd1 Rac8 24. Bf3 Qe3+ 25. Kh2 Rxc3 26. Rxc3 Qxc3 27. Kh1 Rc8 28. Bb7 Qc1 29. Qxc1 Rxc1+ 30. Kh2 a5 31. d5 e5 32. a4 b4 33. Ba6 Rd1 34. Bc4 Kf8 35. Kg3 Rd4 36. Kf3 Rxc4 0-1

[Event "Berlin qualification op"]
[Site "Berlin"]
[Date "2010.04.07"]
[Round "5"]
[White "Slepuschkin, Shenja"]
[Black "Niechotz, Christopher"]
[Result "1-0"]
[WhiteElo "2042"]
[BlackElo "2070"]
[PlyCount "107"]
[EventDate "2010.04.03"]
[EventType "swiss"]
[EventRounds "9"]
[EventCountry "GER"]
[SourceTitle "EXT 2012"]
[Source "ChessBase"]
[SourceDate "2011.11.24"]
[SourceVersion "1"]
[SourceVersionDate "2011.11.24"]
[SourceQuality "1"]

1. f4 d5 2. Nf3 c5 3. e3 Nf6 4. b3 g6 5. Bb2 Bg7 6. Bb5+ Bd7 7. Qe2 0-0 8. Bxd7 Nbxd7 9. 0-0 Re8 10. d3 Qc7 11. Nbd2 Rac8 12. a4 d4 13. e4 Qxf4 14. e5 Ng4 15. e6 Nde5 16. exf7+ Nxf7 17. Nc4 Qc7 18. Qe6 Ngh6 19. Rae1 Qc6 20. Ng5 Qxe6 21. Nxe6 Nd8 22. Nxg7 Kxg7 23. Nd6 Nc6 24. Nxc8 Rxc8 25. c3 e5 26. cxd4 cxd4 27. b4 Ng4 28. Rc1 Ne3 29. Rf3 a6 30. b5 axb5 31. axb5 Ne7 32. Rxc8 Nxc8 33. Ba3 b6 34. Bf8+ Kg8 35. Bh6 Nf5 36. Bc1 Kg7 37. g4 Nfd6 38. Ba3 Nf7 39. h4 Ncd6 40. Rf1 Nxb5 41. Be7 Nbd6 42. Bf6+ Kf8 43. Bxe5 Nb5 44. Bf6 h5 45. gxh5 gxh5 46. Rf4 Nc3 47. Kg2 Nd5 48. Rf2 Nb4 49. Rd2 Nc6 50. Rb2 Nfe5 51. Rxb6 Kf7 52. Bxe5 Nxe5 53. Rb3 Ke6 54. Kg3 1-0

[Event "Berlin qualification op"]
[Site "Berlin"]
[Date "2010.04.04"]
[Round "2"]
[White "Slepuschkin, Shenja"]
[Black "Cirakoglu, Alper Tolga"]
[Result "1-0"]
[WhiteElo "2042"]
[BlackElo "1823"]
[PlyCount "87"]
[EventDate "2010.04.03"]
[EventType "swiss"]
[EventRounds "9"]
[EventCountry "GER"]
[SourceTitle "EXT 2012"]
[Source "ChessBase"]
[SourceDate "2011.11.24"]
[SourceVersion "1"]
[SourceVersionDate "2011.11.24"]
[SourceQuality "1"]

1. e4 e6 2. d4 d5 3. Nc3 Nf6 4. Bg5 Be7 5. e5 Nfd7 6. h4 a6 7. Qg4 Bxg5 8. hxg5 g6 9. Nf3 c5 10. 0-0-0 Qe7 11. Qf4 Nc6 12. dxc5 Nxc5 13. Kb1 b6 14. Be2 Bb7 15. Rd2 0-0-0 16. Nd4 Qc7 17. Nxc6 Qxc6 18. Rd4 Qc7 19. Rh3 Nd7 20. Na4 Nxe5 21. Nxb6+ Kb8 22. Na4 Nc6 23. Qxc7+ Kxc7 24. Rf4 Rdf8 25. Nc5 Kb6 26. Nd7+ Kc7 27. Nxf8 Rxf8 28. Rxh7 Ne5 29. c3 Kd6 30. Rfh4 a5 31. Rh8 Nd7 32. Rxf8 Nxf8 33. Bb5 e5 34. Ra4 Ne6 35. Rxa5 Nxg5 36. Ra7 Bc8 37. Kc1 Be6 38. a4 d4 39. f3 dxc3 40. bxc3 f6 41. Bd3 f5 42. Rg7 e4 43. Be2 exf3 44. gxf3 1-0

[Event "Oberliga Nord O 0910"]
[Site "Germany"]
[Date "2010.02.28"]
[Round "7.8"]
[White "Slepuschkin, Shenja"]
[Black "Koepcke, Klaus Peter"]
[Result "1-0"]
[WhiteElo "2060"]
[BlackElo "2150"]
[PlyCount "97"]
[EventDate "2009.10.18"]
[EventType "team-tourn"]
[EventRounds "9"]
[EventCountry "GER"]
[SourceTitle "EXT 2011"]
[Source "ChessBase"]
[SourceDate "2010.11.26"]
[SourceVersion "1"]
[SourceVersionDate "2010.11.26"]
[SourceQuality "1"]
[WhiteTeam "Zehlendorf"]
[BlackTeam "Greifswald"]
[WhiteTeamCountry "GER"]
[BlackTeamCountry "GER"]

1. e4 c5 2. c3 Nf6 3. e5 Nd5 4. d4 cxd4 5. Qxd4 e6 6. Bd3 Nc6 7. Qe4 d6 8. Nf3 dxe5 9. Nxe5 f5 10. Qe2 Nxe5 11. Qxe5 Qf6 12. Bb5+ Kf7 13. Qxf6+ gxf6 14. Nd2 Bd6 15. Bc4 Nf4 16. g3 Ng6 17. Nf3 Ne5 18. Nxe5+ fxe5 19. Be3 b6 20. 0-0-0 Be7 21. f4 Bb7 22. Rhf1 Rhc8 23. Bb3 Ba6 24. Rf2 e4 25. g4 Bc4 26. gxf5 Bxb3 27. axb3 exf5 28. Rd5 Bf6 29. Rxf5 Ke6 30. Rh5 Bxc3 31. bxc3 Rxc3+ 32. Kd2 Rd3+ 33. Ke2 Rxb3 34. Re5+ Kd6 35. Rxe4 a5 36. f5 Rf8 37. Re6+ Kc7 38. Re7+ Kd6 39. Re6+ Kc7 40. Kf1 a4 41. f6 a3 42. Bd4 Rb1+ 43. Kg2 Rg8+ 44. Kf3 Rb3+ 45. Re3 Rxe3+ 46. Kxe3 Kd7 47. Bxb6 Re8+ 48. Kd3 Ke6 49. Re2+ 1-0

[Event "Berlin Hellersdorf op"]
[Site "Berlin"]
[Date "2010.01.10"]
[Round "5"]
[White "Lenz, Tobias"]
[Black "Slepuschkin, Shenja"]
[Result "0-1"]
[WhiteElo "1800"]
[BlackElo "1911"]
[PlyCount "96"]
[EventDate "2010.01.08"]
[EventType "swiss"]
[EventRounds "5"]
[EventCountry "GER"]
[SourceTitle "EXT 2012"]
[Source "ChessBase"]
[SourceDate "2011.11.24"]
[SourceVersion "1"]
[SourceVersionDate "2011.11.24"]
[SourceQuality "1"]

1. d4 f5 2. g3 Nf6 3. Bg2 g6 4. Nd2 Bg7 5. e4 fxe4 6. Nxe4 Nxe4 7. Bxe4 d5 8. Bg2 0-0 9. Nf3 Bg4 10. 0-0 Nc6 11. h3 Bf5 12. c3 Qd7 13. Kh2 Rad8 14. Bf4 Be4 15. Qd2 Bxf3 16. Bxf3 e5 17. dxe5 Bxe5 18. Bxe5 Nxe5 19. Bg2 Nf3+ 20. Bxf3 Rxf3 21. Qe2 Qf7 22. Kg2 Rf8 23. Rad1 c6 24. Rd3 Rxd3 25. Qxd3 Qe6 26. f3 Re8 27. Rf2 Kf7 28. Qd2 Qe3 29. Qxe3 Rxe3 30. Rd2 Re1 31. Kf2 Ra1 32. a3 Kf6 33. Re2 a5 34. Re1 Rxe1 35. Kxe1 Ke5 36. Kd2 d4 37. Kd3 dxc3 38. Kxc3 c5 39. b4 axb4+ 40. axb4 Kd5 41. h4 b5 42. bxc5 Kxc5 43. g4 Kd5 44. Kd3 Ke5 45. Ke3 h5 46. f4+ Kf6 47. gxh5 gxh5 48. Ke4 Ke6 0-1

[Event "Oberliga Nord O 0910"]
[Site "Germany"]
[Date "2009.11.29"]
[Round "3.8"]
[White "Slepuschkin, Shenja"]
[Black "Jahnke, Andreas"]
[Result "1/2-1/2"]
[WhiteElo "2060"]
[BlackElo "2049"]
[PlyCount "84"]
[EventDate "2009.10.18"]
[EventType "team-tourn"]
[EventRounds "9"]
[EventCountry "GER"]
[SourceTitle "EXT 2011"]
[Source "ChessBase"]
[SourceDate "2010.11.26"]
[SourceVersion "1"]
[SourceVersionDate "2010.11.26"]
[SourceQuality "1"]
[WhiteTeam "Zehlendorf"]
[BlackTeam "Ruedersdorf"]
[WhiteTeamCountry "GER"]
[BlackTeamCountry "GER"]

1. f4 d5 2. Nf3 Nf6 3. e3 e6 4. b3 c5 5. Bb5+ Bd7 6. Bxd7+ Nbxd7 7. Bb2 Bd6 8. 0-0 0-0 9. Ne5 Qc7 10. Nxd7 Nxd7 11. Qg4 e5 12. Nc3 Nf6 13. Qg5 h6 14. Qf5 a6 15. Nb5 axb5 16. fxe5 Ne8 17. exd6 Qxd6 18. Rf2 Qe6 19. Qd3 c4 20. Qc3 f6 21. Qb4 Nc7 22. a4 Qc6 23. axb5 Rxa1+ 24. Bxa1 Nxb5 25. Rf4 Nd6 26. Bd4 b5 27. Bc5 Rd8 28. Bxd6 Rxd6 29. Rd4 Rd7 30. Qc3 Rc7 31. g3 Qc5 32. Kg2 b4 33. Qa1 Ra7 34. Qb1 c3 35. dxc3 Qxc3 36. Rd3 Qe5 37. Qe1 Qe4+ 38. Kh3 Ra2 39. Qe2 Qf5+ 40. Kg2 Qe4+ 41. Kh3 Qf5+ 42. Kg2 Qe4+ 1/2-1/2

[Event "Oberliga Nord O 0910"]
[Site "Germany"]
[Date "2009.10.18"]
[Round "1.8"]
[White "Slepuschkin, Shenja"]
[Black "Schwekendiek, Ulrich"]
[Result "1-0"]
[WhiteElo "2060"]
[BlackElo "2275"]
[PlyCount "79"]
[EventDate "2009.10.18"]
[EventType "team-tourn"]
[EventRounds "9"]
[EventCountry "GER"]
[SourceTitle "EXT 2011"]
[Source "ChessBase"]
[SourceDate "2010.11.26"]
[SourceVersion "1"]
[SourceVersionDate "2010.11.26"]
[SourceQuality "1"]
[WhiteTeam "Zehlendorf"]
[BlackTeam "Pankow Rotation"]
[WhiteTeamCountry "GER"]
[BlackTeamCountry "GER"]

1. e4 e5 2. Nf3 Nc6 3. Bc4 Nf6 4. d3 Bc5 5. 0-0 d6 6. h3 Bb6 7. Re1 Be6 8. Bb3 Qd7 9. Bxe6 fxe6 10. Be3 g5 11. Bxb6 axb6 12. d4 exd4 13. Nxd4 e5 14. Nxc6 bxc6 15. Re3 Qe6 16. a4 h5 17. Nd2 h4 18. f3 Nh5 19. Nf1 Nf4 20. Nh2 Ke7 21. Ng4 c5 22. Qf1 Ra5 23. Rea3 Rha8 24. Ne3 c6 25. c3 d5 26. b4 cxb4 27. cxb4 R5a7 28. a5 bxa5 29. bxa5 d4 30. Nf5+ Kf6 31. Qb1 c5 32. Rb3 Ra6 33. Rb7 c4 34. Re7 Qc8 35. Qb5 Ne6 36. Rh7 Nc5 37. Qxc4 Ne6 38. Rh6+ Kf7 39. Qd5 Qc7 40. Rh7+ 1-0